[Event "Madrid-ch sf-B"]
[Site "Madrid"]
[Date "2015.03.07"]
[Round "3"]
[White "Vazquez Gonzalez, Jesus"]
[Black "Saribekyan, Garnik"]
[Result "1/2-1/2"]
[WhiteElo "2014"]
[BlackElo "1678"]
[PlyCount "194"]
[EventDate "2015.03.05"]
[EventType "swiss"]
[EventRounds "9"]
[EventCountry "ESP"]
[SourceTitle "CBM 165 Extra"]
[Source "ChessBase"]
[SourceDate "2015.04.21"]
[SourceVersion "1"]
[SourceVersionDate "2015.04.21"]
[SourceQuality "1"]

1. e4 c5 2. Nf3 d6 3. d4 cxd4 4. Nxd4 Nf6 5. Nc3 a6 6. Bc4 e6 7. Bb3 Be7 8. 0-0 0-0 9. Qd3 Nc6 10. Bg5 Na5 11. Rad1 Nxb3 12. Nxb3 b5 13. Bxf6 gxf6 14. f4 Qb6+ 15. Kh1 Bb7 16. Rf3 Kh8 17. Rh3 Rg8 18. Rg1 Rg7 19. Ne2 Rag8 20. Nbd4 f5 21. Ng3 Rxg3 22. hxg3 Bxe4 23. Qd1 e5 24. fxe5 dxe5 25. Qh5 Qg6 26. Qxg6 fxg6 27. Nf3 Rd8 28. Nxe5 Kg7 29. Nd3 Rc8 30. g4 Rxc2 31. gxf5 Bxf5 32. Re3 Bg5 33. Rg3 Bh4 34. Rf3 h5 35. a3 Rd2 36. Nc5 Rxb2 37. Nxa6 Bf6 38. Re1 h4 39. Nc7 h3 40. Ne8+ Kf7 41. Nd6+ Kg7 42. Nxf5+ gxf5 43. gxh3 b4 44. axb4 Rxb4 45. Rxf5 Kg6 46. Rf3 Bh4 47. Re2 Rc4 48. Kg2 Rb4 49. Ra2 Kg5 50. Ra5+ Kg6 51. Rc3 Rb6 52. Rc4 Bd8 53. Rd5 Bf6 54. Kf3 Kf7 55. Kg4 Ke6 56. Rdc5 Rb1 57. Rc6+ Kf7 58. Rf4 Rg1+ 59. Kf5 Rg5+ 60. Ke4 Rg6 61. h4 Ke7 62. h5 Rh6 63. Rf5 Kf7 64. Kd5 Ke7 65. Rc7+ Ke8 66. Rb7 Ba1 67. Ra7 Bb2 68. Re5+ Kf8 69. Rf5+ Ke8 70. Raf7 Rxh5 71. Rf8+ Ke7 72. Rxh5 Kxf8 73. Ke6 Bc3 74. Rc5 Bd4 75. Rc4 Ba1 76. Rf4+ Kg7 77. Rg4+ Kf8 78. Rc4 Kg7 79. Rc7+ Kf8 80. Re7 Bb2 81. Rf7+ Kg8 82. Rb7 Ba1 83. Kf5 Kf8 84. Ke6 Kg8 85. Rf7 Bb2 86. Rf1 Bd4 87. Rf3 Ba1 88. Ke7 Be5 89. Rf5 Ba1 90. Rg5+ Kh7 91. Rg1 Bb2 92. Kf7 Kh6 93. Rb1 Bd4 94. Rb5 Ba1 95. Rb6+ Kg5 96. Rb5+ Kf4 97. Ke6 Bh8 1/2-1/2

[Event "Madrid-ch Previa-B"]
[Site "Madrid"]
[Date "2015.02.28"]
[Round "9"]
[White "Lopez Ziegler, Juan Jose"]
[Black "Saribekyan, Garnik"]
[Result "0-1"]
[WhiteElo "1573"]
[BlackElo "1678"]
[PlyCount "84"]
[EventDate "2015.02.05"]
[EventType "swiss"]
[EventRounds "9"]
[EventCountry "ESP"]
[SourceTitle "EXT 2018"]
[Source "ChessBase"]
[SourceDate "2017.10.13"]
[SourceVersion "1"]
[SourceVersionDate "2017.10.13"]
[SourceQuality "1"]

1. d4 c5 2. c3 Nf6 3. Nf3 d5 4. Bf4 e6 5. e3 Nc6 6. Nbd2 Bd6 7. Ne5 0-0 8. Bd3 Ne7 9. h3 b6 10. Qf3 Ng6 11. Bg3 Qc7 12. Ng4 Nxg4 13. Bxd6 Qxd6 14. hxg4 e5 15. Bf5 h6 16. dxe5 Nxe5 17. Qf4 Bxf5 18. Qxf5 Qe6 19. Ke2 Nxg4 20. Qf4 Rad8 21. Nf3 d4 22. Nd2 dxe3 23. fxe3 Rfe8 24. e4 Nf6 25. Rh4 g5 26. Qg3 Rxd2+ 27. Kxd2 Nxe4+ 28. Rxe4 Qxe4 29. Re1 Qd5+ 30. Kc1 Rxe1+ 31. Qxe1 Kg7 32. Qe3 Kg6 33. g4 Qh1+ 34. Kc2 Qg2+ 35. Kb3 Qxg4 36. Qd3+ Kg7 37. c4 h5 38. Qd6 Qe6 39. Qc7 b5 40. Qxc5 Qxc4+ 41. Qxc4 bxc4+ 42. Kxc4 h4 0-1

[Event "Madrid-ch Previa-B"]
[Site "Madrid"]
[Date "2015.02.21"]
[Round "7"]
[White "Aguilera Lopez, Alejandro"]
[Black "Saribekyan, Garnik"]
[Result "1-0"]
[WhiteElo "1879"]
[BlackElo "1678"]
[PlyCount "91"]
[EventDate "2015.02.05"]
[EventType "swiss"]
[EventRounds "9"]
[EventCountry "ESP"]
[SourceTitle "EXT 2018"]
[Source "ChessBase"]
[SourceDate "2017.10.13"]
[SourceVersion "1"]
[SourceVersionDate "2017.10.13"]
[SourceQuality "1"]

1. d4 e6 2. Nf3 f5 3. Bf4 Nf6 4. c4 Be7 5. Nc3 0-0 6. h3 d6 7. e3 h6 8. Bd3 b6 9. Qb3 Nc6 10. Rd1 Bb7 11. c5 d5 12. cxb6 axb6 13. 0-0 Na5 14. Qc2 c5 15. Ne5 c4 16. Be2 Qe8 17. g4 b5 18. gxf5 b4 19. Nb1 Ne4 20. fxe6 b3 21. axb3 cxb3 22. Qc7 Bd6 23. Qd7 Bxe5 24. Qxe8 Raxe8 25. Bxe5 Rxe6 26. f3 Nd6 27. Nd2 Nf5 28. Kf2 Kh8 29. Bd3 Nc6 30. Bxf5 Rxf5 31. Nxb3 Nxe5 32. dxe5 Rfxe5 33. Nd4 Re8 34. Rfe1 g5 35. Rd3 Kg7 36. Rc3 Bc8 37. Kg3 h5 38. b4 h4+ 39. Kg2 Kf6 40. b5 Bb7 41. Rc7 R5e7 42. b6 Ba6 43. Kf2 Bc4 44. Rc6+ Kf7 45. Nf5 Rd7 46. Nd6+ 1-0

[Event "Madrid San Viator op 21st"]
[Site "Madrid"]
[Date "2013.11.10"]
[Round "8"]
[White "Saribekyan, Garnik"]
[Black "Perez Mondejar, Adler"]
[Result "1/2-1/2"]
[WhiteElo "1693"]
[BlackElo "1439"]
[PlyCount "137"]
[EventDate "2013.09.29"]
[EventType "swiss"]
[EventRounds "9"]
[EventCountry "ESP"]
[SourceTitle "EXT 2015"]
[Source "ChessBase"]
[SourceDate "2014.11.20"]
[SourceVersion "1"]
[SourceVersionDate "2014.11.20"]
[SourceQuality "1"]

1. e4 c5 2. Nf3 Nc6 3. Bb5 g6 4. c3 Bg7 5. d4 cxd4 6. cxd4 a6 7. Ba4 b5 8. Bb3 d6 9. h3 Na5 10. Be3 Nxb3 11. Qxb3 e6 12. Nc3 Ne7 13. 0-0 0-0 14. Bg5 h6 15. Bh4 g5 16. Bg3 Bb7 17. a4 Nc6 18. axb5 Nxd4 19. Nxd4 Bxd4 20. bxa6 Bxa6 21. Rfd1 e5 22. Rd2 Rb8 23. Qc2 Bc4 24. Ra3 Qd7 25. Rxd4 exd4 26. Nd5 Bxd5 27. exd5 Rfc8 28. Qd3 Qb5 29. Qxd4 Qxb2 30. Qxb2 Rxb2 31. Ra6 Rd8 32. Rxd6 Rxd6 33. Bxd6 Rd2 34. Bc5 Rxd5 35. Be3 f5 36. g3 Kf7 37. Kg2 Kf6 38. Kf3 Ra5 39. Bd4+ Ke6 40. Bb6 Ra3+ 41. Kg2 Kd5 42. Bc7 Ke4 43. Bd6 Ra6 44. Bc7 Rc6 45. Ba5 f4 46. gxf4 Kxf4 47. Bd2+ Ke4 48. Be3 Rf6 49. Bc5 Rf7 50. Be3 Rg7 51. Kg3 h5 52. Bc5 Rb7 53. Be3 Rb3 54. Kg2 Rxe3 55. fxe3 Kxe3 56. Kg3 Ke4 57. Kf2 Kf4 58. Kg2 h4 59. Kf2 Ke4 60. Ke2 Kf4 61. Kf2 g4 62. hxg4 Kxg4 63. Kg2 Kh5 64. Kh3 Kg5 65. Kg2 Kg4 66. Kh2 Kf4 67. Kh3 Kg5 68. Kh2 Kg4 69. Kg2 1/2-1/2

[Event "Madrid San Viator op 21st"]
[Site "Madrid"]
[Date "2013.10.27"]
[Round "6"]
[White "Saribekyan, Garnik"]
[Black "Sancho Castiello, Federico"]
[Result "0-1"]
[WhiteElo "1693"]
[BlackElo "2140"]
[PlyCount "76"]
[EventDate "2013.09.29"]
[EventType "swiss"]
[EventRounds "9"]
[EventCountry "ESP"]
[SourceTitle "EXT 2015"]
[Source "ChessBase"]
[SourceDate "2014.11.20"]
[SourceVersion "1"]
[SourceVersionDate "2014.11.20"]
[SourceQuality "1"]

1. e4 c5 2. Nf3 e6 3. d4 cxd4 4. Nxd4 Nc6 5. Nc3 a6 6. Be2 Qc7 7. 0-0 b5 8. Nxc6 Qxc6 9. f4 b4 10. Nb1 Bc5+ 11. Kh1 Bb7 12. Bf3 Ne7 13. b3 0-0 14. Bb2 Qc7 15. g3 d5 16. Nd2 Rfd8 17. Bg2 dxe4 18. Qg4 Bd4 19. Bxd4 Rxd4 20. Nc4 Rad8 21. Rae1 f5 22. Qh5 Bd5 23. Ne3 Bc6 24. Rd1 g6 25. Qg5 Bb5 26. Qf6 R4d6 27. Rxd6 Rxd6 28. Re1 Nd5 29. Nxd5 exd5 30. Qe5 Qc3 31. Qxc3 bxc3 32. a4 Bc6 33. Bf1 a5 34. Kg1 d4 35. Bc4+ Bd5 36. Bb5 d3 37. Rc1 d2 38. Rd1 Bxb3 0-1

[Event "Madrid San Viator op 21st"]
[Site "Madrid"]
[Date "2013.10.12"]
[Round "3"]
[White "Gutierrez Sanchez, Fernando"]
[Black "Saribekyan, Garnik"]
[Result "1-0"]
[WhiteElo "1945"]
[BlackElo "1693"]
[PlyCount "53"]
[EventDate "2013.09.29"]
[EventType "swiss"]
[EventRounds "9"]
[EventCountry "ESP"]
[SourceTitle "EXT 2015"]
[Source "ChessBase"]
[SourceDate "2014.11.20"]
[SourceVersion "1"]
[SourceVersionDate "2014.11.20"]
[SourceQuality "1"]

1. c4 Nf6 2. Nc3 g6 3. e4 d6 4. d4 Bg7 5. Be2 0-0 6. Bg5 e5 7. dxe5 dxe5 8. Qxd8 Rxd8 9. Nd5 Nbd7 10. Rd1 Nxd5 11. Bxd8 Nb4 12. Nf3 Nc5 13. Bxc7 Bg4 14. Nxe5 Bxe2 15. Kxe2 Nxe4 16. f4 Rc8 17. Rd8+ Rxd8 18. Bxd8 g5 19. g3 Kf8 20. Ba5 Na6 21. Rd1 b6 22. Be1 Nac5 23. b4 gxf4 24. gxf4 Nf6 25. Bh4 Ne8 26. Nc6 a6 27. f5 1-0

[Event "Madrid San Viator op 21st"]
[Site "Madrid"]
[Date "2013.10.06"]
[Round "2"]
[White "Tirado Parra, Alberto"]
[Black "Saribekyan, Garnik"]
[Result "1-0"]
[WhiteElo "1937"]
[BlackElo "1693"]
[PlyCount "67"]
[EventDate "2013.09.29"]
[EventType "swiss"]
[EventRounds "9"]
[EventCountry "ESP"]
[SourceTitle "EXT 2015"]
[Source "ChessBase"]
[SourceDate "2014.11.20"]
[SourceVersion "1"]
[SourceVersionDate "2014.11.20"]
[SourceQuality "1"]

1. Nf3 f5 2. g3 Nf6 3. c4 g6 4. b4 Bg7 5. Bb2 d6 6. Bg2 0-0 7. 0-0 e5 8. d3 a5 9. bxa5 Nc6 10. Nbd2 Rxa5 11. Nb3 Ra8 12. c5 Qe8 13. Qc2 d5 14. a3 e4 15. Nfd4 g5 16. Nxc6 bxc6 17. Nd4 e3 18. f4 g4 19. Qc1 Rf7 20. Nc2 Re7 21. Be5 Nd7 22. d4 Nxc5 23. Qxe3 Na4 24. Nb4 Bb7 25. Qb3 Ra7 26. Rac1 Bxe5 27. fxe5 Re6 28. Rxf5 Nb6 29. e4 Nc4 30. exd5 cxd5 31. Nxd5 Nd2 32. Nf6+ Kh8 33. Nxe8 Nxb3 34. Rf8# 1-0

[Event "Madrid San Viator op 21st"]
[Site "Madrid"]
[Date "2013.09.29"]
[Round "1"]
[White "Saribekyan, Garnik"]
[Black "Crespo Villalba, Israel"]
[Result "1/2-1/2"]
[WhiteElo "1693"]
[BlackElo "1886"]
[PlyCount "63"]
[EventDate "2013.09.29"]
[EventType "swiss"]
[EventRounds "9"]
[EventCountry "ESP"]
[SourceTitle "EXT 2015"]
[Source "ChessBase"]
[SourceDate "2014.11.20"]
[SourceVersion "1"]
[SourceVersionDate "2014.11.20"]
[SourceQuality "1"]

1. e4 d6 2. d4 Nf6 3. Nc3 g6 4. Nf3 Bg7 5. h3 0-0 6. Be3 c6 7. a4 Nbd7 8. Be2 e5 9. dxe5 dxe5 10. Nd2 Qe7 11. Nc4 Ne8 12. 0-0 f5 13. b3 f4 14. Bc1 Ndf6 15. Ba3 c5 16. Nd5 Nxd5 17. Qxd5+ Be6 18. Qxc5 Qg5 19. Kh1 f3 20. Bxf3 Rxf3 21. gxf3 Qh4 22. Qe7 Qxh3+ 23. Kg1 Nf6 24. Rad1 h6 25. Rd8+ Rxd8 26. Qxd8+ Kh7 27. Bf8 Qxf3 28. Nxe5 Qf4 29. Bxg7 Qg5+ 30. Kh1 Qh4+ 31. Kg1 Qg5+ 32. Kh1 1/2-1/2